000 00583nam a2200157 4500
999 _c16056
_d16056
008 210216b ||||| |||| 00| 0 eng d
022 _a0732-8435
082 _aDPer 657.05 C33 Sept-Dec 2011 v. 81 n. 9-12
100 _aWoodlock, Peter.
_943041
245 _aThe research credit:
_bvaluable but often overlooked/
_cPeter Woodlock and Karin Petruska.
260 _aNew York:
_bThe New York State Society of CPA,
_c©2011.
300 _av81 n10, pages 34-41:
_bcolor illustrations;
_c28 cm.
650 _aTaxation.
_943042
700 _aPetruska, K.
_eAuthor.
_943043
942 _2ddc
_cPER